湖南卫视 我是歌手 / 歌手 的所有参赛选手 I am a Singer / Singers all the Participants - Statistics

General Stats
  • This quiz has been taken 101 times
    18 since last reset
  • The average score is 60 of 163
Answer Stats
Hint Answer % Correct
2018补位 | 2020首发 华晨宇
85%
2024首发 那英
85%
第一季首发 羽泉
77%
2017逆战 | 2025首发 | 第一季补位 林志炫
77%
第二季首发 邓紫棋
77%
2017逆战 | 第二季补位 张杰
69%
第三季首发 韩红
69%
2024补位 | 第三季首发 孙楠
69%
2017首发 | 2020首发 | 2024冲榜 袁娅维
69%
2020首发 萧敬腾
69%
2020首发 周深
69%
2025首发 单依纯
69%
2018首发 Jessie J
69%
第一季首发 黄绮珊
62%
2017首发 林忆莲
62%
2018首发 张韶涵
62%
2019踢馆 | 2025首发 陈楚生
62%
2020首发 毛不易
62%
2025首发 GAI
62%
2024冲榜 | 第一季首发 尚雯婕
54%
第一季首发 齐秦
54%
第二季首发 韩磊
54%
第二季首发 周笔畅
54%
第三季首发 张靓颖
54%
2024补位 | 第三季踢馆 谭维维
54%
2025揭榜 | 第三季踢馆 李佳薇
54%
第四季首发 李玟
54%
2020首发 | 第四季首发 徐佳莹
54%
第四季首发 赵传
54%
2017首发 谭晶
54%
2018首发 汪峰
54%
2019首发 刘欢
54%
2020奇袭 | 2024冲榜 黄霄云
54%
2020奇袭 | 2025首发 白举纲
54%
2024首发 二手玫瑰
54%
2024首发 汪苏泷
54%
2025揭榜 马嘉祺
54%
2025袭榜 Charlie Puth
54%
2018首发 GAI
54%
2020首发 MISIA
54%
2017逆战 | 第三季补位 李健
46%
第四季补位 张信哲
46%
2017首发 迪玛希
46%
2019首发 齐豫
46%
2019首发 吴青峰
46%
2024首发 杨丞琳
46%
2024首发 海来阿木
46%
第一季首发 沙宝亮
38%
第一季首发 陈明
38%
第一季补位 杨宗纬
38%
第一季补位 周晓鸥
38%
第二季首发 张宇
38%
2025补位 | 第三季首发 黄丽玲
38%
第三季踢馆 李荣浩
38%
2017首发 光良
38%
2017挑战 张碧晨
38%
2018首发 张天
38%
2018补位 腾格尔
38%
2024揭榜 黄宣
38%
2025补位 范玮琪
38%
2024袭榜 Adam Lambert
38%
2024首发 Faouzia
38%
2025首发 Grace Kinstler
38%
2017逆战 | 第一季补位 彭佳慧
31%
第二季首发 罗琦
31%
第二季首发 韦唯
31%
第二季补位 品冠
31%
第二季补位 茜拉
31%
第四季首发 黄致列
31%
第四季首发 李克勤
31%
第四季首发 苏见信
31%
第四季补位 老狼
31%
2017首发 杜丽莎
31%
2017首发 狮子合唱团
31%
2017挑战 赵雷
31%
2018踢馆 苏诗丁
31%
2019首发 杨坤
31%
2019踢馆 声入人心男团
31%
2020奇袭 吉克隽逸
31%
2024冲榜 张远
31%
2025揭榜 阿云嘎
31%
2025揭榜 胡海泉
31%
2025首发 BENI
31%
2024首发 Chante Moore
31%
第一季首发 黄贯中
23%
第二季首发 曹格
23%
第三季首发 胡彦斌
23%
第三季首发 古巨基
23%
第四季首发 哈雅乐团
23%
第四季首发 关喆
23%
第四季踢馆 苏运莹
23%
2017挑战 梁博
23%
2018首发 李圣杰
23%
2018首发 李晓东
23%
2018补位 郁可唯
23%
2019首发 逃跑计划
23%
2019补位 波琳娜
23%
2019补位 龚琳娜
23%
2020奇袭 刘柏辛
23%
2020奇袭 胡夏
23%
2020奇袭 艾热
23%
2024揭榜 杭盖乐队
23%
2025补位 卫兰
23%
2025揭榜 者来女
23%
2024揭榜 Fine乐团
23%
2019首发 Kristian Kostov
23%
2018踢馆 KZ谭定安
23%
2025首发 Mickey Guyton
23%
2020奇袭 声入人心男团Super Vocal
23%
第一季补位 辛晓琪
15%
第二季补位 满文军
15%
第二季补位 动力火车
15%
第三季首发 陈洁仪
15%
第三季补位 郑淳元
15%
第四季踢馆 金志文
15%
2017挑战 侧田
15%
2018补位 李泉
15%
2018踢馆 霍尊
15%
2019首发 张芯
15%
2019踢馆 刘宇宁
15%
2020奇袭 李佩玲
15%
2020奇袭 隔壁老樊
15%
2024揭榜 张钰琪
15%
2025补位 火星电台
15%
2019踢馆 ANU
15%
2024揭榜 C-BLOCK
15%
第三季补位 萧煌奇
8%
第四季补位 容祖儿
8%
第四季踢馆 王晰
8%
2019补位 杨乃文
8%
2019踢馆 许靖韵
8%
2020奇袭 秦凡淇
8%
2020奇袭 太一
8%
2020奇袭 旅行团乐队
8%
2024揭榜 许钧
8%
2025揭榜 唐汉霄
8%
2025揭榜 云飞
8%
2025揭榜 Alexia Evelly
8%
2025袭榜 Jordan Smith
8%
2024袭榜 Lenka Kripac
8%
2025袭榜 Michael Bublé
8%
2024冲榜 Rukhiya
8%
2019踢馆 钱正昊
0%
2019踢馆 毕书尽
0%
2020奇袭 曾一鸣
0%
2020奇袭 耿斯汉
0%
No matching quizzes found
Score Distribution
Percent of People with Each Score
Percentile by Number Answered
Your Score History
You have not taken this quiz since the last reset